[Event "Quebec-ch Elite"]
[Site "Montreal CAN"]
[Date "2011.10.10"]
[Round "7"]
[White "Drolet, Stephane"]
[Black "Gueorguiev, Valentin"]
[Result "1-0"]
[WhiteElo "2187"]
[BlackElo "1973"]
[PlyCount "47"]
[GameId "2160767909648175"]
[EventDate "2011.10.07"]
[EventType "swiss"]
[EventRounds "7"]
[EventCountry "CAN"]
[SourceTitle "hb 2011"]

1. d4 g6 2. Nf3 Bg7 3. c4 c5 4. d5 d6 5. h3 Qa5+ 6. Bd2 Qb6 7. Nc3 Na6 8. Rb1 Bd7 9. a3 Nf6 10. e4 O-O 11. Bd3 e6 12. O-O exd5 13. exd5 h6 14. b4 cxb4 15. axb4 Rfe8 16. Qc1 Kh7 17. Be3 Qc7 18. Qa3 Nh5 19. Rfc1 Qc8 20. Ne4 Bf8 21. c5 dxc5 22. Bxc5 Bxh3 23. gxh3 Qxh3 24. Nfg5+ 1-0

[Event "Quebec-ch Elite"]
[Site "Montreal CAN"]
[Date "2011.10.10"]
[Round "7"]
[White "Gagnon, Serge"]
[Black "Cote-Lalumiere, Tristan"]
[Result "1-0"]
[WhiteElo "2121"]
[BlackElo "1894"]
[PlyCount "43"]
[GameId "2160767909648176"]
[EventDate "2011.10.07"]
[EventType "swiss"]
[EventRounds "7"]
[EventCountry "CAN"]
[SourceTitle "hb 2011"]

1. Nf3 Nf6 2. g3 d5 3. Bg2 Bf5 4. O-O e6 5. d3 Bd6 6. Nbd2 c6 7. c4 Qc7 8. Re1 h5 9. cxd5 cxd5 10. e4 Bg4 11. e5 Bxf3 12. Nxf3 Bb4 13. exf6 Bxe1 14. Qxe1 gxf6 15. Bf4 Qb6 16. Qc3 Nd7 17. Re1 Rg8 18. d4 Qb5 19. Bf1 Qb6 20. a4 a6 21. Rc1 Rg6 22. Bd3 1-0

[Event "Quebec-ch Elite"]
[Site "Montreal CAN"]
[Date "2011.10.10"]
[Round "7"]
[White "Gauthier, Denis"]
[Black "Nikulich, Oleksandr"]
[Result "1-0"]
[WhiteElo "1974"]
[BlackElo "1899"]
[PlyCount "52"]
[GameId "2160767909648177"]
[EventDate "2011.10.07"]
[EventType "swiss"]
[EventRounds "7"]
[EventCountry "CAN"]
[SourceTitle "hb 2011"]

1. d4 c5 2. d5 e6 3. e4 exd5 4. exd5 d6 5. Nc3 Nf6 6. Bd3 Be7 7. Nge2 O-O 8. Ng3 Nbd7 9. f4 Nb6 10. Be2 Re8 11. O-O Bd7 12. a4 a6 13. b3 Qc7 14. a5 Nc8 15. Bb2 Na7 16. Bd3 Bf8 17. Na4 Bxa4 18. Rxa4 Qd8 19. c4 Be7 20. Ra1 h6 21. Nf5 Kh8 22. Qf3 Bf8 23. g4 g6 24. g5 hxg5 25. fxg5 gxf5 26. Bxf6+ Bg7 1-0

[Event "Quebec-ch Elite"]
[Site "Montreal CAN"]
[Date "2011.10.10"]
[Round "7"]
[White "Qin, Zi Yi (Joey)"]
[Black "Gulko, Andrei"]
[Result "1-0"]
[WhiteElo "2245"]
[BlackElo "2162"]
[PlyCount "55"]
[GameId "2160767909648179"]
[EventDate "2011.10.07"]
[EventType "swiss"]
[EventRounds "7"]
[EventCountry "CAN"]
[SourceTitle "hb 2011"]

1. e4 e5 2. Nf3 Nf6 3. Nxe5 d6 4. Nf3 Nxe4 5. Nc3 Nxc3 6. dxc3 Be7 7. Bf4 Nd7 8. Qd2 Nc5 9. O-O-O O-O 10. Be3 Re8 11. Nd4 Ne4 12. Qd3 Bf6 13. f3 Nc5 14. Qd2 Ne6 15. h4 Nxd4 16. cxd4 Be6 17. Kb1 c6 18. Bd3 b5 19. g4 Bc4 20. g5 Be7 21. Bf5 Bf8 22. h5 g6 23. hxg6 hxg6 24. Bg4 Qe7 25. Rde1 Bd5 26. Bf4 Be6 27. Qh2 Bg7 28. Bxd6 1-0

[Event "Quebec-ch Elite"]
[Site "Montreal CAN"]
[Date "2011.10.10"]
[Round "7"]
[White "Robichaud, Louis"]
[Black "Guo, Forest"]
[Result "0-1"]
[WhiteElo "2157"]
[BlackElo "1917"]
[PlyCount "114"]
[GameId "2160767909648180"]
[EventDate "2011.10.07"]
[EventType "swiss"]
[EventRounds "7"]
[EventCountry "CAN"]
[SourceTitle "hb 2011"]

1. e4 c5 2. Nc3 Nc6 3. g3 g6 4. Bg2 Bg7 5. d3 d6 6. f4 Nf6 7. Nf3 O-O 8. O-O Rb8 9. h3 b5 10. a3 a5 11. Be3 b4 12. axb4 axb4 13. Ne2 c4 14. Nd2 cxd3 15. cxd3 Bb7 16. d4 e6 17. g4 d5 18. e5 Nd7 19. Nb3 Re8 20. Qe1 Ra8 21. Qf2 Ba6 22. f5 Bxe2 23. Qxe2 Rxa1 24. Nxa1 Qc7 25. Qf2 Nb6 26. Nb3 Nc4 27. Bf4 N4a5 28. Nc5 Nb7 29. Nd3 Nba5 30. Be3 Rb8 31. Nf4 Qd7 32. Qh4 Nc4 33. Bf2 Nxb2 34. Re1 Re8 35. f6 Bf8 36. Be3 Nc4 37. Bc1 Nxd4 38. Nd3 Rb8 39. Qf2 Nc6 40. Kh1 b3 41. Nb2 N6a5 42. Nd3 Qb7 43. Bf4 Na3 44. Qh4 N5c4 45. Bh6 Qc8 46. Bxd5 b2 47. Bxe6 Qc6+ 48. Kh2 b1=Q 49. Bxf7+ Kh8 50. Rxb1 Rxb1 51. Nf2 Nxe5 52. Bxf8 Nxf7 53. g5 Qc7+ 54. Kg2 Qc4 55. Qg3 Qd5+ 56. Kh2 Nc4 57. Qg4 Qe5+ 0-1

[Event "Quebec-ch Elite"]
[Site "Montreal CAN"]
[Date "2011.10.10"]
[Round "7"]
[White "Wu, Qiyou"]
[Black "Libersan, Thierry"]
[Result "1-0"]
[WhiteElo "1863"]
[BlackElo "2119"]
[PlyCount "73"]
[GameId "2160767909648182"]
[EventDate "2011.10.07"]
[EventType "swiss"]
[EventRounds "7"]
[EventCountry "CAN"]
[SourceTitle "hb 2011"]

1. e4 c5 2. Nf3 e6 3. d4 cxd4 4. Nxd4 a6 5. Bd3 b5 6. O-O Bb7 7. Be3 Nc6 8. Nd2 Qc7 9. Nxc6 Bxc6 10. Qe2 Nf6 11. Rad1 Be7 12. Bg5 d6 13. Kh1 h6 14. Bf4 e5 15. Bg3 g5 16. f3 Nh5 17. c4 Nxg3+ 18. hxg3 b4 19. c5 dxc5 20. Nc4 h5 21. Ne3 g4 22. Kg1 c4 23. Bxc4 Bc5 24. fxg4 Qb6 25. Bxf7+ Ke7 26. gxh5 Bxe3+ 27. Kh2 Bb5 28. Qg4 Bxf1 29. Qd7+ Kf8 30. Rxf1 Bf2 31. Qf5 Ke7 32. Rxf2 Qc5 33. Rd2 Rhd8 34. Qg5+ Kxf7 35. Rxd8 Rxd8 36. Qxd8 Qb5 37. Qd5+ 1-0

[Event "Quebec-ch Elite"]
[Site "Montreal CAN"]
[Date "2011.10.10"]
[Round "7"]
[White "Zhu, Hong Rui"]
[Black "Sprumont, Oscar"]
[Result "1/2-1/2"]
[WhiteElo "2101"]
[BlackElo "1676"]
[PlyCount "41"]
[GameId "2160767909648183"]
[EventDate "2011.10.07"]
[EventType "swiss"]
[EventRounds "7"]
[EventCountry "CAN"]
[SourceTitle "hb 2011"]

1. e4 e5 2. Nf3 Nc6 3. Bb5 a6 4. Ba4 Nf6 5. O-O Nxe4 6. d4 b5 7. Bb3 d5 8. dxe5 Be6 9. Nbd2 Nc5 10. Re1 Be7 11. Nf1 Nxb3 12. axb3 O-O 13. Ng3 Re8 14. h3 f6 15. exf6 Bxf6 16. Nh5 d4 17. Bf4 Nb4 18. Bd2 Nc6 19. Bf4 Nb4 20. Bd2 Nc6 21. Bf4 1/2-1/2

[Event "Quebec-ch U10"]
[Site "Montreal CAN"]
[Date "2011.11.26"]
[Round "2"]
[White "Fan, Lawrence"]
[Black "Gao, Catherine"]
[Result "1-0"]
[WhiteElo "1086"]
[BlackElo "830"]
[PlyCount "129"]
[GameId "2160767909573385"]
[EventDate "2011.11.25"]
[EventType "swiss"]
[EventRounds "5"]
[EventCountry "CAN"]
[SourceTitle "hb 2012"]

1. d4 d5 2. c4 e6 3. Nf3 c5 4. Nc3 Nc6 5. Bf4 Nf6 6. e3 Bd6 7. Bg5 Be7 8. dxc5 Bxc5 9. cxd5 Bb4 10. dxc6 Bxc3+ 11. bxc3 Qa5 12. Qd3 Nd5 13. Rc1 Qxa2 14. Be2 O-O 15. O-O bxc6 16. c4 Nb4 17. Qd1 Qa5 18. Ra1 Qc7 19. Qb3 c5 20. Rfd1 Bb7 21. Bf4 Qc6 22. Rd6 Qc8 23. Rad1 Bxf3 24. Bxf3 Rb8 25. Qc3 Na2 26. Qe5 Nb4 27. Qh5 Qe8 28. Be4 h6 29. Qg4 f5 30. Qg3 fxe4 31. Bxh6 Rb7 32. Bf4 Qa4 33. Qg6 Re7 34. Qxe4 Nd3 35. Qxd3 e5 36. Qd5+ Ref7 37. Qxe5 Rf5 38. Qe6+ R5f7 39. R6d2 Qb3 40. Qd5 Qb6 41. Qd6 Qb7 42. Qxc5 Rf6 43. Qd5+ Qf7 44. Qxf7+ R6xf7 45. Rd8 Rb7 46. Rxf8+ Kxf8 47. g3 a5 48. Rd8+ Kf7 49. Rc8 a4 50. Rc7+ Rxc7 51. Bxc7 Ke6 52. Bb6 a3 53. Bd4 a2 54. f4 Kf5 55. Kf2 Ke4 56. Bxg7 Kd3 57. c5 Kc4 58. c6 Kc5 59. c7 Kb4 60. c8=Q Kb3 61. Qa8 Kc4 62. Qxa2+ Kc5 63. e4 Kc6 64. e5 Kd7 65. e6+ 1-0

[Event "Quebec-ch U10"]
[Site "Montreal CAN"]
[Date "2011.11.26"]
[Round "2"]
[White "Lachance, Paul-Alexis"]
[Black "Wen, Ying Qi"]
[Result "0-1"]
[WhiteElo "1084"]
[BlackElo "1283"]
[PlyCount "68"]
[GameId "2160767909573386"]
[EventDate "2011.11.25"]
[EventType "swiss"]
[EventRounds "5"]
[EventCountry "CAN"]
[SourceTitle "hb 2012"]

1. e4 e5 2. Nf3 Nc6 3. Bc4 Nf6 4. Ng5 d5 5. exd5 Na5 6. Bb5+ c6 7. dxc6 bxc6 8. Ba4 h6 9. Nf3 e4 10. Qe2 Be7 11. Ne5 Qd5 12. f4 exf3 13. Nxf3 Bg4 14. O-O Bxf3 15. Rxf3 Qd4+ 16. Re3 Nd5 17. Nc3 Nxe3 18. dxe3 Qd7 19. Qa6 Qc7 20. Nd5 Qd8 21. b4 Qxd5 22. bxa5 O-O 23. Bxc6 Qd1+ 24. Kf2 Qxc2+ 25. Kg3 Bd6+ 26. Kf3 Qf5+ 27. Ke2 Rac8 28. Ba8 Rc2+ 29. Bd2 Bb4 30. Rd1 Rd8 31. Bf3 Rdxd2+ 32. Rxd2 Rxd2+ 33. Kf1 Qb1+ 34. Bd1 Qxd1# 0-1

[Event "Quebec-ch U10"]
[Site "Montreal CAN"]
[Date "2011.11.26"]
[Round "2"]
[White "Yang, Eddie"]
[Black "Ouellet, Maili-Jade"]
[Result "0-1"]
[WhiteElo "1373"]
[BlackElo "1311"]
[PlyCount "96"]
[GameId "2160767909573387"]
[EventDate "2011.11.25"]
[EventType "swiss"]
[EventRounds "5"]
[EventCountry "CAN"]
[SourceTitle "hb 2012"]

1. d4 d5 2. c4 e6 3. Nc3 Nf6 4. Nf3 Be7 5. Bg5 h6 6. Bh4 O-O 7. e3 b6 8. Bd3 dxc4 9. Bxc4 Bb7 10. O-O Re8 11. Bxf6 Bxf6 12. e4 Nd7 13. e5 Be7 14. Rc1 c5 15. d5 exd5 16. Nxd5 Bg5 17. Nxg5 Qxg5 18. f4 Qg6 19. Bd3 Qc6 20. Be4 Qc8 21. Bf5 Qc6 22. Bxd7 Qxd5 23. Qxd5 Bxd5 24. Bxe8 Rxe8 25. Rfd1 Bxa2 26. Rd7 a6 27. Rcd1 Bc4 28. Rd8 Rxd8 29. Rxd8+ Kh7 30. Rd6 b5 31. Rxa6 Be6 32. Kf2 b4 33. Ke3 Bd5 34. g3 b3 35. Ra5 Kg6 36. Rxc5 Be6 37. Rc6 Kf5 38. h3 h5 39. Kf3 Bd5+ 40. Ke3 Bxc6 41. Kd4 Ke6 42. g4 hxg4 43. hxg4 g6 44. Kc5 Bf3 45. g5 Kf5 46. Kd6 Kxf4 47. Ke7 Bd5 48. Kd6 Be6 0-1

[Event "Quebec-ch U10"]
[Site "Montreal CAN"]
[Date "2011.11.26"]
[Round "2"]
[White "Yip, Mattew"]
[Black "Johnson-Constantin, Mathieu"]
[Result "1-0"]
[WhiteElo "1351"]
[BlackElo "1222"]
[PlyCount "61"]
[GameId "2160767909573388"]
[EventDate "2011.11.25"]
[EventType "swiss"]
[EventRounds "5"]
[EventCountry "CAN"]
[SourceTitle "hb 2012"]

1. d4 g6 2. Nf3 Bg7 3. Bf4 Nf6 4. e3 O-O 5. Nbd2 d6 6. Bd3 Nc6 7. Qe2 Re8 8. Bg3 e5 9. dxe5 dxe5 10. Bb5 Bg4 11. Bxc6 bxc6 12. h3 Bh5 13. Bh2 Bxf3 14. Nxf3 e4 15. Nd4 c5 16. Nb5 Nd5 17. O-O-O Rb8 18. c4 a6 19. Rxd5 Qf6 20. Rxc5 axb5 21. Rxb5 Ra8 22. Kb1 Ra7 23. Rc1 Rea8 24. Be5 Qe7 25. Bxg7 Kxg7 26. a3 c6 27. Rb4 Rb7 28. Rxb7 Qxb7 29. Qd2 f5 30. Rd1 Rxa3 31. Qd7+ 1-0

[Event "Quebec-ch U10"]
[Site "Montreal CAN"]
[Date "2011.11.26"]
[Round "2"]
[White "Zhang, Evan"]
[Black "Luo, Muhan"]
[Result "1-0"]
[WhiteElo "1252"]
[BlackElo "1357"]
[PlyCount "67"]
[GameId "2160767909573389"]
[EventDate "2011.11.25"]
[EventType "swiss"]
[EventRounds "5"]
[EventCountry "CAN"]
[SourceTitle "hb 2012"]

1. e4 c5 2. Nf3 e6 3. d4 cxd4 4. Nxd4 Nc6 5. c4 a6 6. Nc3 Qc7 7. a3 Nf6 8. Be3 d5 9. cxd5 Nxd4 10. Qxd4 e5 11. Qd2 Be7 12. h3 Bd7 13. Be2 h6 14. f3 Nh5 15. O-O Ng3 16. Rfc1 Qd6 17. f4 Nxe2+ 18. Nxe2 O-O 19. Bc5 Qf6 20. fxe5 Bxc5+ 21. Rxc5 Qxe5 22. Qd4 Qxd4+ 23. Nxd4 Rfe8 24. Re1 f5 25. e5 f4 26. Kf2 Ba4 27. e6 Rad8 28. Nf5 Bb3 29. e7 Rd7 30. d6 Bf7 31. Rc7 Rxc7 32. dxc7 Rc8 33. Nd6 Rxc7 34. Nxf7 1-0

[Event "Quebec-ch U10"]
[Site "Montreal CAN"]
[Date "2011.11.26"]
[Round "3"]
[White "Ouellet, Maili-Jade"]
[Black "Fan, Lawrence"]
[Result "0-1"]
[WhiteElo "1311"]
[BlackElo "1086"]
[PlyCount "72"]
[GameId "2160767909573390"]
[EventDate "2011.11.25"]
[EventType "swiss"]
[EventRounds "5"]
[EventCountry "CAN"]
[SourceTitle "hb 2012"]

1. d4 Nf6 2. c4 e6 3. Nc3 Bb4 4. Qc2 O-O 5. Bg5 d5 6. Nf3 Nbd7 7. e3 c5 8. dxc5 dxc4 9. Bxc4 Bxc5 10. O-O b6 11. Rad1 Qc7 12. Bf4 Qc6 13. Bb5 Qb7 14. Qd3 a6 15. Bxd7 Bxd7 16. Bg5 Nd5 17. Nxd5 exd5 18. Qxd5 Bc6 19. Qf5 Bxf3 20. Qxf3 Qxf3 21. gxf3 f6 22. Bf4 Rfd8 23. a3 g5 24. Bg3 Kg7 25. b4 Be7 26. Bc7 Rxd1 27. Rxd1 b5 28. Rd7 Kf8 29. Kg2 Ra7 30. e4 Ke8 31. Rd3 Rxc7 32. Kg3 Rd7 33. Rc3 Kf7 34. h3 Kg6 35. Kg4 Bd6 36. Rc6 h5# 0-1

[Event "Quebec-ch U10"]
[Site "Montreal CAN"]
[Date "2011.11.26"]
[Round "3"]
[White "Saint-Cyr, Xavier"]
[Black "Luo, Muhan"]
[Result "0-1"]
[WhiteElo "1203"]
[BlackElo "1357"]
[PlyCount "134"]
[GameId "2160767909573391"]
[EventDate "2011.11.25"]
[EventType "swiss"]
[EventRounds "5"]
[EventCountry "CAN"]
[SourceTitle "hb 2012"]

1. e4 c5 2. Nf3 e6 3. d4 cxd4 4. Nxd4 Nc6 5. Nc3 a6 6. Bc4 Qc7 7. Be3 Nf6 8. O-O Bb4 9. Nde2 Ne5 10. Bd3 Nc6 11. f3 b5 12. a3 Be7 13. b4 d5 14. exd5 exd5 15. Bf4 Bd6 16. Bxd6 Qxd6 17. Be4 Be6 18. Qd2 O-O 19. Nf4 Ne7 20. Nxe6 fxe6 21. Rfe1 Qb6+ 22. Qf2 Qxf2+ 23. Kxf2 dxe4 24. Nxe4 Nxe4+ 25. Rxe4 Rf6 26. Rae1 Kf7 27. c4 bxc4 28. Rxc4 Nd5 29. Rec1 Rf4 30. Rxf4+ Nxf4 31. Rc7+ Kf6 32. g3 Nd5 33. Rc6 a5 34. b5 a4 35. Ra6 Rb8 36. Rxa4 Rxb5 37. Rd4 Ra5 38. a4 Nc3 39. Rf4+ Ke7 40. Rg4 g6 41. Rh4 h5 42. Rb4 Rxa4 43. Rxa4 Nxa4 44. Ke3 Kf6 45. Kf4 Nc5 46. h3 g5+ 47. Ke3 Kf5 48. g4+ hxg4 49. fxg4+ Ke5 50. Kf3 Kd4 51. Kg3 e5 52. Kf2 e4 53. h4 e3+ 54. Ke2 gxh4 55. g5 h3 56. g6 Ne6 57. g7 Nxg7 58. Kf1 h2 59. Ke2 Ke5 60. Kxe3 h1=Q 61. Kd3 Qh4 62. Ke3 Qh3+ 63. Kd2 Ke4 64. Kc2 Kd4 65. Kd2 Qh2+ 66. Ke1 Ke3 67. Kf1 Qf2# 0-1

[Event "Quebec-ch U10"]
[Site "Montreal CAN"]
[Date "2011.11.26"]
[Round "3"]
[White "Sun, Benjamin"]
[Black "Zhang, Evan"]
[Result "1-0"]
[WhiteElo "1381"]
[BlackElo "1252"]
[PlyCount "73"]
[GameId "2160767909573392"]
[EventDate "2011.11.25"]
[EventType "swiss"]
[EventRounds "5"]
[EventCountry "CAN"]
[SourceTitle "hb 2012"]

1. e4 e5 2. Nf3 Nc6 3. Nc3 Nf6 4. d4 exd4 5. Nxd4 Bb4 6. Nxc6 bxc6 7. Bd3 h6 8. O-O d6 9. Bd2 O-O 10. h3 Re8 11. Qf3 Be6 12. a3 Bc5 13. Rfe1 Bd4 14. Rad1 Qd7 15. Be3 c5 16. e5 Bxe5 17. Bb5 Qe7 18. Bxe8 Rxe8 19. a4 a5 20. Bf4 Bxf4 21. Qxf4 Nh5 22. Qf3 Qg5 23. Nd5 Rb8 24. Nxc7 Bf5 25. Rd5 g6 26. Ne8 Nf4 27. Rxd6 Rb4 28. Nf6+ Kg7 29. Ne8+ Kf8 30. Kh2 Nxh3 31. Nf6 Kg7 32. Re8 h5 33. Rg8+ Kh6 34. Rh8+ Kg7 35. Rh7+ Kf8 36. Qa8+ Ke7 37. Qd8# 1-0

[Event "Quebec-ch U10"]
[Site "Montreal CAN"]
[Date "2011.11.26"]
[Round "3"]
[White "Wen, Ying Qi"]
[Black "Yang, Eddie"]
[Result "0-1"]
[WhiteElo "1243"]
[BlackElo "1373"]
[PlyCount "43"]
[GameId "2160767909573393"]
[EventDate "2011.11.25"]
[EventType "swiss"]
[EventRounds "5"]
[EventCountry "CAN"]
[SourceTitle "hb 2012"]

1. e4 c5 2. Nf3 d6 3. d4 cxd4 4. Nxd4 Nf6 5. Nc3 a6 6. Bg5 e6 7. Bd3 Be7 8. O-O O-O 9. Qe1 Nbd7 10. Kh1 h6 11. Bxf6 Bxf6 12. Nde2 b5 13. f4 Bb7 14. Ng3 Rc8 15. a3 Qa5 16. Be2 Be7 17. Nh5 Nf6 18. Qh4 b4 19. Nb1 Rxc2 20. Bd3 Rxb2 21. Nxf6+ Bxf6 22. Qe1 0-1

[Event "Quebec-ch U10"]
[Site "Montreal CAN"]
[Date "2011.11.26"]
[Round "3"]
[White "Yip, Mattew"]
[Black "Zhang, Hou Han"]
[Result "1-0"]
[WhiteElo "1351"]
[BlackElo "1186"]
[PlyCount "81"]
[GameId "2160767909573394"]
[EventDate "2011.11.25"]
[EventType "swiss"]
[EventRounds "5"]
[EventCountry "CAN"]
[SourceTitle "hb 2012"]

1. d4 Nf6 2. Nf3 g6 3. Bf4 Bg7 4. e3 O-O 5. Nbd2 d6 6. Bd3 Nbd7 7. Qe2 c5 8. c3 b6 9. O-O Bb7 10. e4 Re8 11. d5 Ng4 12. h3 Nge5 13. Bc2 Rc8 14. Ba4 Rf8 15. Nxe5 Nxe5 16. Bh2 a6 17. f4 Nd7 18. Nf3 b5 19. Bc2 Qb6 20. Rad1 Rfe8 21. e5 c4+ 22. Kh1 Rcd8 23. e6 fxe6 24. Qxe6+ Kh8 25. Ng5 Bf6 26. Nf7+ Kg7 27. Nxd8 Qxd8 28. f5 Ne5 29. Bxe5 dxe5 30. fxg6 hxg6 31. Qg4 g5 32. Qh5 Rh8 33. Qg6+ Kf8 34. d6 Rxh3+ 35. Kg1 Qb6+ 36. Rf2 Rh1+ 37. Kxh1 Qxf2 38. dxe7+ Bxe7 39. Qh6+ Kg8 40. Bh7+ Kf7 41. Qg6+ 1-0

[Event "Quebec-ch U10"]
[Site "Montreal CAN"]
[Date "2011.11.27"]
[Round "4"]
[White "Lu, Daisy"]
[Black "Saint-Cyr, Xavier"]
[Result "0-1"]
[WhiteElo "969"]
[BlackElo "1203"]
[PlyCount "88"]
[GameId "2160767909573395"]
[EventDate "2011.11.25"]
[EventType "swiss"]
[EventRounds "5"]
[EventCountry "CAN"]
[SourceTitle "hb 2012"]

1. e4 e5 2. Nf3 Nc6 3. Bc4 Bc5 4. d3 h6 5. Nc3 d6 6. h3 Nf6 7. O-O O-O 8. Be3 Bb6 9. d4 exd4 10. Nxd4 Nxd4 11. Bxd4 Re8 12. Re1 Ba5 13. Bd3 Bd7 14. a3 Bc6 15. b4 Bb6 16. Bxb6 axb6 17. b5 Bd7 18. a4 Nh7 19. Re3 Ng5 20. Rg3 Ne6 21. Qg4 Qf6 22. Ra3 Nc5 23. Nd5 Bxg4 24. Nxf6+ gxf6 25. Rxg4+ Kf8 26. Rf4 Rxa4 27. Rxa4 Nxa4 28. Rxf6 Kg7 29. Rf3 Nc5 30. Rg3+ Kf8 31. Bc4 Rxe4 32. Bd5 Rd4 33. Ba2 Rd1+ 34. Kh2 Rd2 35. Rf3 Rxc2 36. Rxf7+ Ke8 37. Bd5 c6 38. bxc6 bxc6 39. Rf6 cxd5 40. Rxd6 Rxf2 41. Rxb6 d4 42. Rxh6 d3 43. Rd6 d2 44. Kg3 Ne4+ 0-1

[Event "Quebec-ch U10"]
[Site "Montreal CAN"]
[Date "2011.11.27"]
[Round "4"]
[White "Luo, Muhan"]
[Black "Ouellet, Maili-Jade"]
[Result "1-0"]
[WhiteElo "1357"]
[BlackElo "1311"]
[PlyCount "63"]
[GameId "2160767909573396"]
[EventDate "2011.11.25"]
[EventType "swiss"]
[EventRounds "5"]
[EventCountry "CAN"]
[SourceTitle "hb 2012"]

1. d4 d5 2. c4 e6 3. Nf3 Nf6 4. e3 b6 5. Nc3 Bb7 6. Bd3 dxc4 7. Bxc4 c5 8. O-O Nbd7 9. dxc5 Bxc5 10. e4 Nxe4 11. Nxe4 Bxe4 12. Re1 Bb7 13. Qe2 a6 14. Ng5 h6 15. Nxf7 Qe7 16. Nxh8 Nf8 17. Bxe6 Nxe6 18. Qxe6 Qxe6 19. Rxe6+ Kd7 20. Re2 Kc7 21. Ng6 Rd8 22. Bf4+ Kc8 23. Rc1 a5 24. Ne7+ Kd7 25. Rd1+ Ke8 26. Nc6+ Kf8 27. Rxd8+ Kf7 28. Rd7+ Kf6 29. Rxb7 Kf5 30. Rxg7 Kxf4 31. Rf7+ Kg5 32. Re8 1-0

[Event "Quebec-ch U10"]
[Site "Montreal CAN"]
[Date "2011.11.27"]
[Round "4"]
[White "Sun, Benjamin"]
[Black "Yip, Mattew"]
[Result "1/2-1/2"]
[WhiteElo "1381"]
[BlackElo "1351"]
[PlyCount "46"]
[GameId "2160767909573397"]
[EventDate "2011.11.25"]
[EventType "swiss"]
[EventRounds "5"]
[EventCountry "CAN"]
[SourceTitle "hb 2012"]

1. e4 d5 2. exd5 Qxd5 3. Nc3 Qd6 4. Nf3 Nf6 5. d4 a6 6. h3 b5 7. a3 Bb7 8. Be3 e6 9. Be2 Be7 10. Qd2 Nbd7 11. O-O-O O-O 12. Rhe1 c5 13. dxc5 Qxd2+ 14. Rxd2 Nxc5 15. Bg5 Rfd8 16. Rxd8+ Rxd8 17. Kb1 h6 18. Bh4 g5 19. Bg3 Rc8 20. Rd1 Nce4 21. Nxe4 Bxe4 22. Bd3 Bb7 23. Re1 Rd8 1/2-1/2

[Event "Quebec-ch U10"]
[Site "Montreal CAN"]
[Date "2011.11.27"]
[Round "4"]
[White "Yang, Eddie"]
[Black "Fan, Lawrence"]
[Result "1-0"]
[WhiteElo "1373"]
[BlackElo "1086"]
[PlyCount "94"]
[GameId "2160767909573398"]
[EventDate "2011.11.25"]
[EventType "swiss"]
[EventRounds "5"]
[EventCountry "CAN"]
[SourceTitle "hb 2012"]

1. d4 Nf6 2. c4 e6 3. Nc3 Bb4 4. Qc2 O-O 5. a3 Bxc3+ 6. Qxc3 d5 7. Nf3 c5 8. Bg5 Nbd7 9. e3 Qc7 10. Bd3 dxc4 11. Qxc4 Nd5 12. Rc1 b6 13. e4 N5f6 14. O-O Bb7 15. dxc5 bxc5 16. Bxf6 Nxf6 17. Rfe1 Rfd8 18. Bb1 Qf4 19. e5 Qxc4 20. Rxc4 Bxf3 21. exf6 Bd5 22. Rxc5 gxf6 23. h3 Rac8 24. Rec1 Rxc5 25. Rxc5 Bb3 26. Be4 f5 27. Bf3 Rd2 28. Ra5 Rxb2 29. Rxa7 Rb1+ 30. Kh2 e5 31. Rb7 Bc2 32. Rxb1 Bxb1 33. Bc6 Kg7 34. a4 Bd3 35. Bb7 f4 36. a5 e4 37. a6 Bxa6 38. Bxa6 f5 39. g3 fxg3+ 40. Kxg3 Kf6 41. Kf4 h6 42. Bc8 h5 43. Bxf5 Kg7 44. Bxe4 Kf6 45. h4 Ke6 46. Kg5 Ke5 47. Kxh5 Kxe4 1-0

[Event "Quebec-ch U10"]
[Site "Montreal CAN"]
[Date "2011.11.27"]
[Round "5"]
[White "Yang, Eddie"]
[Black "Sun, Benjamin"]
[Result "1/2-1/2"]
[WhiteElo "1373"]
[BlackElo "1381"]
[PlyCount "99"]
[GameId "2160767909573399"]
[EventDate "2011.11.25"]
[EventType "swiss"]
[EventRounds "5"]
[EventCountry "CAN"]
[SourceTitle "hb 2012"]

1. d4 Nf6 2. c4 g6 3. Nc3 Bg7 4. Nf3 d6 5. e4 O-O 6. Be2 e5 7. dxe5 dxe5 8. O-O Nc6 9. Bg5 h6 10. Bh4 Be6 11. Nd5 g5 12. Nxf6+ Bxf6 13. Bg3 Bg7 14. Qc2 f5 15. h3 f4 16. Bh2 Nd4 17. Nxd4 Qxd4 18. Rfd1 Qc5 19. a3 a5 20. Bg4 Bxg4 21. hxg4 b5 22. Rd5 Qxc4 23. Qxc4 bxc4 24. Rc5 Rab8 25. Rb1 Rfd8 26. f3 Rd2 27. Rxc7 Rc2 28. Kh1 a4 29. Bg1 c3 30. Rd1 Rd2 31. Rxd2 cxd2 32. Rd7 Rxb2 33. Kh2 Ra2 34. Bc5 Rc2 35. Bb4 Ra2 36. Rxd2 Rxd2 37. Bxd2 Bf8 38. Bc1 Kf7 39. Kg1 Ke6 40. Kf2 Kd6 41. Ke2 Kc5 42. Kd3 Kb5 43. Bb2 Bd6 44. Bc3 Bxa3 45. Bxe5 Bf8 46. Ba1 Kb4 47. e5 Kb3 48. e6 Be7 49. Ke4 Kc2 50. Kf5 1/2-1/2

[Event "Quebec-ch U12"]
[Site "Montreal CAN"]
[Date "2011.11.26"]
[Round "2"]
[White "Chang, Michael"]
[Black "Yip, William"]
[Result "1-0"]
[WhiteElo "1901"]
[BlackElo "1529"]
[PlyCount "117"]
[GameId "2160767909573400"]
[EventDate "2011.11.25"]
[EventType "swiss"]
[EventRounds "5"]
[EventCountry "CAN"]
[SourceTitle "hb 2012"]

1. c4 e5 2. Nc3 f5 3. g3 Nf6 4. Bg2 Bc5 5. Nf3 Nc6 6. d3 O-O 7. O-O d6 8. a3 a5 9. Rb1 Re8 10. Bg5 h6 11. Bxf6 Qxf6 12. Nd5 Qf7 13. b4 axb4 14. axb4 Bb6 15. b5 Nd8 16. Ne1 e4 17. dxe4 fxe4 18. Nxb6 cxb6 19. Qd4 Bf5 20. Rc1 Qc7 21. Nc2 Ne6 22. Qd5 Bg6 23. Bxe4 Bf7 24. Qf5 Ng5 25. Bd5 Re5 26. Bxf7+ Nxf7 27. Qd3 Rae8 28. Ne3 Qc5 29. Ra1 Ng5 30. Ra7 Nh3+ 31. Kg2 Nxf2 32. Rxf2 Rxe3 33. Qc2 Qe5 34. Rxb7 Rxe2 35. Rxe2 Qxe2+ 36. Qxe2 Rxe2+ 37. Kh3 Rc2 38. Rxb6 Rxc4 39. Rxd6 Rb4 40. Rb6 Kf7 41. Rb7+ Kf6 42. Kg2 g5 43. h3 Ke5 44. b6 Kd5 45. Rb8 Kc6 46. Rh8 Kxb6 47. Rb8+ Kc5 48. Rxb4 Kxb4 49. Kf3 Kc5 50. Kg4 Kd5 51. Kh5 Ke5 52. Kxh6 Kf5 53. Kh5 g4 54. hxg4+ Kf6 55. Kh6 Kf7 56. g5 Kg8 57. g6 Kh8 58. g4 Kg8 59. g7 1-0

[Event "Quebec-ch U12"]
[Site "Montreal CAN"]
[Date "2011.11.26"]
[Round "2"]
[White "Liu, Yu Qing"]
[Black "Yu, Zong Yang"]
[Result "0-1"]
[WhiteElo "1285"]
[BlackElo "1815"]
[PlyCount "64"]
[GameId "2160767909573401"]
[EventDate "2011.11.25"]
[EventType "swiss"]
[EventRounds "5"]
[EventCountry "CAN"]
[SourceTitle "hb 2012"]

1. d4 Nf6 2. c4 c5 3. Nf3 g6 4. Nc3 Bg7 5. Bg5 cxd4 6. Nxd4 b6 7. e4 d6 8. f3 Bb7 9. Be2 Nbd7 10. Qd2 h6 11. Be3 Rc8 12. b3 Qc7 13. O-O a6 14. Rfc1 Qb8 15. a4 h5 16. Nc2 h4 17. Ra2 Nc5 18. Rb1 Ba8 19. Nd4 h3 20. g3 Rc7 21. Nd5 Rc8 22. Qb4 Nfd7 23. Qd2 Ne5 24. Nc2 Ned7 25. Nd4 Nf8 26. a5 bxa5 27. Qc2 e5 28. b4 exd4 29. bxc5 Qa7 30. Nb6 Rxc5 31. Bf4 Rc6 32. Qa4 d3 0-1

[Event "Quebec-ch U12"]
[Site "Montreal CAN"]
[Date "2011.11.26"]
[Round "2"]
[White "Luo, Alan"]
[Black "Saha, Ananda"]
[Result "1-0"]
[WhiteElo "1270"]
[BlackElo "1223"]
[PlyCount "40"]
[GameId "2160767909573402"]
[EventDate "2011.11.25"]
[EventType "swiss"]
[EventRounds "5"]
[EventCountry "CAN"]
[SourceTitle "hb 2012"]

1. e4 e5 2. Nf3 Nc6 3. Bc4 Bc5 4. c3 d6 5. d3 Bg4 6. h3 Bh5 7. Nbd2 Nge7 8. Nf1 f6 9. Ng3 Bf7 10. Bxf7+ Kxf7 11. Qb3+ d5 12. exd5 Qxd5 13. c4 Qd6 14. Ne4 Bb4+ 15. Kf1 Qe6 16. Nfg5+ fxg5 17. Nxg5+ Kf6 18. Nxe6 Kxe6 19. c5+ Kd7 20. Be3 Nd5 1-0